A field guide to the birds of Thailand

Bibliographic Details
Main Author: Robson, Craig
Other Authors: Allen, Richard
Format: Book
Published: London : New Holland Publishers , 2004
Subjects:

MARC

LEADER 00000cam a2200000 7i4500
001 0000025734
005 20221020114033.0
008 090324
020 |a 1843309211 
090 0 0 |a 598.09593   |b ROB 
100 1 |a Robson, Craig 
245 1 2 |a A field guide to the birds of Thailand   |c Craig Robson 
260 |a London :   |b New Holland Publishers ,   |c 2004 
650 0 |a Birds   |z Thailand 
650 0 |a Birds   |z Thailand   |x identification 
700 1 |a Allen, Richard 
999 |a 0001040807   |b Book   |c Adult Collection   |e Perbadanan Perpustakaan Awam Johor 
999 |a 0001062028   |b Book   |c Adult Collection   |e Cawangan Urban Transformation Centre